Sonnets from a Broken Heart/ (Record no. 188920)

MARC details
000 -LEADER
fixed length control field 00540nam a2200181 4500
005 - DATE AND TIME OF LATEST TRANSACTION
control field 20220607152316.0
010 ## - LCCN (DPL NO)
LC control number ENG-133110
020 ## - INTERNATIONAL STANDARD BOOK NUMBER
International Standard Book Number 9788187952404
Terms of availability 60.00
035 ## - SYSTEM CONTROL NUMBER
System control number EN-116642
037 ## - SOURCE OF ACQUISITION
Source of stock number/acquisition DBAD/PUB
082 ## - DEWEY DECIMAL CLASSIFICATION NUMBER
Classification number 881
100 ## - MAIN ENTRY--PERSONAL NAME
Personal name Das, Ashis
245 ## - TITLE STATEMENT
Title Sonnets from a Broken Heart/
Statement of responsibility, etc Ashis Das
260 ## - PUBLICATION, DISTRIBUTION, ETC. (IMPRINT)
Place of publication, distribution, etc Kolkata
Name of publisher, distributor, etc Mark Age Services Pvt. Ltd
Date of publication, distribution, etc 2015
270 ## - ADDRESS
Address G-1, Ground Floor, 334 Nath Para
City Kolkata
Postal code 700084
Electronic mail address markage.india@gmail.com
300 ## - PHYSICAL DESCRIPTION
Extent 95p.
Dimensions 21cm(pbk)
942 ## - ADDED ENTRY ELEMENTS (KOHA)
Source of classification or shelving scheme Dewey Decimal Classification
Item type English Books
Classification part 881
Call number suffix DAS
Holdings
Withdrawn status Lost status Not for loan Collection code Home library Current library Date acquired Source of acquisition Cost, normal purchase price Full call number Barcode Copy number Cost, replacement price Koha item type
      Non-fiction Ashok Vihar Ashok Vihar 07/06/2022 DBAD/PUB 60.00 881 DAS EN-116642 1 60.00 English Books

© Delhi Public Library
Hit Counter
free hit counter